01266nam a2200253 a 4500008004100000020001800041050001600059100002100075245007400096250001100170260002700181260003300208300003700241350001100278500003200289650005100321650001300372700001900385995015700404995016400561999001700725952013500742952013500877101117s2009 ||||||||||||||||| || u a9780273716549 aHD 62.4 Rug aCollinson, Simon10aInternational business. (5th ed.)cby Alan M. Rugman; Simon Collinson a5th ed aHarlow:bPearsonc2009 aHarlow:bPrentice Hallc2009 axxxii, 716 pages : illustrations a192.80 aIncludes Glossary and Index aINTERNATIONAL BUSINESS ENTERPRISES--MANAGEMENT 0aBUSINESS aRugman, Alan M aMAIN LIBRARY OPEN ACCESSe745505FCBU-MAIN LIBRARY (Kitwe)I192.80jHD 62.4 RugM2UAVAILABLEWMay 27, 2015y745505ZMain Library Open Access Collection aMAIN LIBRARY OPEN ACCESSD0.00e742091FCBU-MAIN LIBRARY (Kitwe)H1I0.00jHD 62.4 RugM1UAVAILABLEWNov 17, 2010y742091ZMain Library Open Access Collection c77516d77516 00102lcc4070a001b001cMain Library Open Access Collectiond2023-04-27l0oHD 62.4 Rugp745505r2023-04-27t1w2023-04-27y002 00102lcc4070a001b001cMain Library Open Access Collectiond2023-04-27l0oHD 62.4 Rugp742091r2023-04-27t2w2023-04-27y002